Особенности поглощения излучения XeCl*- лазера концентрированными растворами органических красителей; Известия вузов. Физика; Т. 46, № 5

書誌詳細
Parent link:Известия вузов. Физика/ Министерство общего и профессионального образования Российской Федерации ; Томский Госуниверситет.— , 1958-.— 0021-3411
Т. 46, № 5.— 2003.— с. 54-60
第一著者: Светличный В. А.
その他の著者: Филинов Д. Н., Лапин И. Н.
言語:ロシア語
出版事項: 2003
シリーズ:Оптика и спектроскопия
主題:
フォーマット: MixedMaterials 図書の章
KOHA link:https://koha.lib.tpu.ru/cgi-bin/koha/opac-detail.pl?biblionumber=419858

MARC

LEADER 00000naa2a2200000 4500
001 419858
005 20231101073319.0
035 |a (RuTPU)RU\TPU\prd\77316 
035 |a RU\TPU\prd\17312 
090 |a 419858 
100 |a 20100227a2003 k y0rusy50 ca 
101 0 |a rus 
102 |a RU 
200 1 |a Особенности поглощения излучения XeCl*- лазера концентрированными растворами органических красителей  |f В. А. Светличный, Д. Н. Филинов, И. Н. Лапин 
225 1 |a Оптика и спектроскопия 
320 |a Библиогр.: 10 назв. 
461 1 |0 (RuTPU)RU\TPU\prd\191  |x 0021-3411  |t Известия вузов. Физика  |f Министерство общего и профессионального образования Российской Федерации ; Томский Госуниверситет  |d 1958- 
463 1 |0 (RuTPU)RU\TPU\prd\77307  |t Т. 46, № 5  |v с. 54-60  |d 2003 
610 1 |a концентрированные растворы 
610 1 |a исследование 
610 1 |a пропускание 
610 1 |a органические красители 
610 1 |a поглощение 
610 1 |a лазерное излучение 
610 1 |a наносекундное возбуждение 
675 |a 535.37  |v 3 
700 1 |a Светличный  |b В. А. 
701 1 |a Филинов  |b Д. Н. 
701 1 |a Лапин  |b И. Н. 
801 1 |a RU  |b 63413507  |c 20030915  |g PSBO 
801 2 |a RU  |b 63413507  |c 20101028  |g RCR 
942 |c BK